<?xml version="1.0" encoding="UTF-8"?><record xmlns="http://www.loc.gov/MARC21/slim" xmlns:zs="http://docs.oasis-open.org/ns/search-ws/sruResponse">
  <leader>07143cpcaa2201045 i 4500</leader>
  <controlfield tag="001">5807844</controlfield>
  <controlfield tag="005">20260522203821.2</controlfield>
  <controlfield tag="008">800605||||||||||||                 eng  </controlfield>
  <datafield ind1=" " ind2=" " tag="035">
    <subfield code="a">5807844</subfield>
  </datafield>
  <datafield ind1=" " ind2=" " tag="906">
    <subfield code="a">7</subfield>
    <subfield code="b">cbc</subfield>
    <subfield code="c">orignew</subfield>
    <subfield code="d">u</subfield>
    <subfield code="e">ncip</subfield>
    <subfield code="f">19</subfield>
    <subfield code="g">y-manuscri</subfield>
  </datafield>
  <datafield ind1=" " ind2=" " tag="955">
    <subfield code="a">LCAP batch update 2025-06-02-04:00: LCAPM-893</subfield>
  </datafield>
  <datafield ind1=" " ind2=" " tag="010">
    <subfield code="a">mm 80021550 </subfield>
    <subfield code="b">ms 80002044 </subfield>
  </datafield>
  <datafield ind1="7" ind2=" " tag="024">
    <subfield code="a">MSS21550</subfield>
    <subfield code="q">: Manuscript Division collection ID</subfield>
    <subfield code="2">lcmd</subfield>
  </datafield>
  <datafield ind1=" " ind2=" " tag="035">
    <subfield code="9">(DLC)mm 80021550</subfield>
  </datafield>
  <datafield ind1=" " ind2=" " tag="040">
    <subfield code="a">DLC</subfield>
    <subfield code="b">eng</subfield>
    <subfield code="e">dacs</subfield>
    <subfield code="c">DLC</subfield>
    <subfield code="d">DLC</subfield>
  </datafield>
  <datafield ind1=" " ind2="7" tag="072">
    <subfield code="a">W</subfield>
    <subfield code="2">lcmd</subfield>
  </datafield>
  <datafield ind1=" " ind2=" " tag="090">
    <subfield code="a">0316P</subfield>
  </datafield>
  <datafield ind1=" " ind2=" " tag="090">
    <subfield code="a">Oversize 0111L</subfield>
  </datafield>
  <datafield ind1=" " ind2=" " tag="090">
    <subfield code="a">Oversize 7:4</subfield>
  </datafield>
  <datafield ind1=" " ind2=" " tag="090">
    <subfield code="b">Microfilm 15,260-3N-3P</subfield>
  </datafield>
  <datafield ind1=" " ind2=" " tag="090">
    <subfield code="b">Microfilm 18,483-13N-13P</subfield>
  </datafield>
  <datafield ind1="1" ind2=" " tag="100">
    <subfield code="a">French, Benjamin B.</subfield>
    <subfield code="q">(Benjamin Brown),</subfield>
    <subfield code="d">1800-1870.</subfield>
  </datafield>
  <datafield ind1="0" ind2="0" tag="245">
    <subfield code="a">Benjamin B. French family papers,</subfield>
    <subfield code="f">1778-1940</subfield>
    <subfield code="g">(bulk 1813-1893).</subfield>
  </datafield>
  <datafield ind1="1" ind2=" " tag="246">
    <subfield code="a">French family papers</subfield>
  </datafield>
  <datafield ind1="1" ind2=" " tag="249">
    <subfield code="i">EAD sort title</subfield>
    <subfield code="a">French family. Benjamin B. French family papers,</subfield>
    <subfield code="f">1778-1940.</subfield>
  </datafield>
  <datafield ind1=" " ind2=" " tag="300">
    <subfield code="a">6,500</subfield>
    <subfield code="f">items.</subfield>
  </datafield>
  <datafield ind1=" " ind2=" " tag="300">
    <subfield code="a">38</subfield>
    <subfield code="f">containers plus 6</subfield>
    <subfield code="f">oversize.</subfield>
  </datafield>
  <datafield ind1=" " ind2=" " tag="300">
    <subfield code="a">16</subfield>
    <subfield code="f">microfilm reels.</subfield>
  </datafield>
  <datafield ind1=" " ind2=" " tag="300">
    <subfield code="a">17.2</subfield>
    <subfield code="f">linear feet.</subfield>
  </datafield>
  <datafield ind1=" " ind2=" " tag="351">
    <subfield code="a">Arranged in two parts composed of eight series.</subfield>
  </datafield>
  <datafield ind1=" " ind2=" " tag="351">
    <subfield code="a">Part I arranged in three series.  Series 1: Journals, 1803-1870; Series 2: Correspondence, 1826-1924; and Series 3: Miscellany, 1802-1977.</subfield>
  </datafield>
  <datafield ind1=" " ind2=" " tag="351">
    <subfield code="a">Part II arranged in five series.  Series 1: Journals, 1837-1879; Series 2: Correspondence, 1778-1940; Series 3: Miscellany, 1787-1938; Series 4: 2019 Addition, 1850; and Series 5: Oversize, 1819-1893.</subfield>
  </datafield>
  <datafield ind1="0" ind2=" " tag="506">
    <subfield code="a">Open to research.</subfield>
  </datafield>
  <datafield ind1="8" ind2=" " tag="520">
    <subfield code="a">Part I contains correspondence primarily between Benjamin B. French and his half brother Henry Flagg French of Exeter, N.H., journals (1828-1870), poems, clippings, and printed material.  Includes Benjamin B. French's observations on New Hampshire politics, freemasonry, his involvement with the Magnetic Telegraph Company, the presidency of Franklin Pierce, social life in Washington, D.C., French's association with Abraham Lincoln, Lincoln's assassination, the Civil War, the years following the Civil War, and Congress.</subfield>
  </datafield>
  <datafield ind1="8" ind2=" " tag="520">
    <subfield code="a">Part II consists chiefly of the papers of Benjamin B. French, his son Francis Ormond French, and Amos Tuck.  Benjamin B. French's correspondence continues topics found in Part I.  Francis Ormond French's journals cover his early years in Washington, D.C., as well as his years at the Rittenhouse Academy, Washington, D.C., Phillips Exeter Academy, Exeter, N.H., and Harvard College, Cambridge, Mass.  His correspondence provides insight into the life of a prosperous American family of the late nineteenth century in New York, N.Y.  Amos Tuck's correspondence pertains to politics, his travels in the Midwest in 1851, and the devastation of the South from the Civil War.  Also includes letters of William Merchant Richardson.  Francis's correspondents include Harris C. Fahnestock, Daniel Chester French, Lot M. Morrill, Hugh McCulloch, William A. Richardson, and John Sherman.</subfield>
  </datafield>
  <datafield ind1=" " ind2=" " tag="524">
    <subfield code="a">Researchers wishing to cite this collection should include the following information: Roman numeral designating the Part  followed by colon and container or reel number, Benjamin B. French Family Papers, Manuscript Division, Library of Congress,  Washington, D.C.</subfield>
  </datafield>
  <datafield ind1=" " ind2=" " tag="530">
    <subfield code="a">Microfilm edition of journal, volumes 1-11, available,</subfield>
    <subfield code="d">no. 15,260.</subfield>
  </datafield>
  <datafield ind1=" " ind2=" " tag="530">
    <subfield code="a">Microfilm edition available,</subfield>
    <subfield code="d">no. 18,483.</subfield>
  </datafield>
  <datafield ind1=" " ind2=" " tag="533">
    <subfield code="a">Microfilm produced from originals in the Manuscript Division.</subfield>
    <subfield code="b">Washington, D.C. :</subfield>
    <subfield code="c">Library of Congress Photoduplication Service,</subfield>
    <subfield code="d">1972-1982.</subfield>
  </datafield>
  <datafield ind1=" " ind2=" " tag="541">
    <subfield code="c">Gift,</subfield>
    <subfield code="a">Daniel Chester French, Henry H. French, Prentiss French, Margaret French Cresson, and S. LeRoy French,</subfield>
    <subfield code="d">1922-1974.</subfield>
  </datafield>
  <datafield ind1=" " ind2=" " tag="541">
    <subfield code="c">Gift,</subfield>
    <subfield code="a">Peter S. and Katherine P. French,</subfield>
    <subfield code="d">1991-1994.</subfield>
  </datafield>
  <datafield ind1=" " ind2=" " tag="541">
    <subfield code="c">Other gift, purchase, and transfer,</subfield>
    <subfield code="d">1924-2006.</subfield>
  </datafield>
  <datafield ind1=" " ind2=" " tag="544">
    <subfield code="3">Most prints and photographs</subfield>
    <subfield code="e">transferred to</subfield>
    <subfield code="a">Library of Congress Prints and Photographs Division.</subfield>
  </datafield>
  <datafield ind1="0" ind2=" " tag="545">
    <subfield code="a">Clerk of the U.S. House of Representatives, New Hampshire politician, and commissioner of public buildings in Washington, D.C.  Other individuals represented include Benjamin's son Francis Ormond French, financier; Amos Tuck, U.S. representative from N.H., whose daughter Ellen married Francis O. French in 1861; and William Merchant Richardson, chief justice of the New Hampshire Superior Court and father of Benjamin B. French's first wife.</subfield>
  </datafield>
  <datafield ind1=" " ind2=" " tag="546">
    <subfield code="a">Collection material in English.</subfield>
  </datafield>
  <datafield ind1="8" ind2=" " tag="555">
    <subfield code="a">Finding aid available in the Library of Congress Manuscript Reading Room and at</subfield>
    <subfield code="u">http://hdl.loc.gov/loc.mss/eadmss.ms003036</subfield>
  </datafield>
  <datafield ind1="1" ind2="0" tag="600">
    <subfield code="a">Fahnestock, Harris C.</subfield>
    <subfield code="q">(Harris Charles),</subfield>
    <subfield code="d">1835-1914</subfield>
    <subfield code="v">Correspondence.</subfield>
  </datafield>
  <datafield ind1="1" ind2="0" tag="600">
    <subfield code="a">French, Daniel Chester,</subfield>
    <subfield code="d">1850-1931</subfield>
    <subfield code="v">Correspondence.</subfield>
  </datafield>
  <datafield ind1="1" ind2="0" tag="600">
    <subfield code="a">French, Henry F.</subfield>
    <subfield code="q">(Henry Flagg),</subfield>
    <subfield code="d">1813-1885</subfield>
    <subfield code="v">Correspondence.</subfield>
  </datafield>
  <datafield ind1="1" ind2="0" tag="600">
    <subfield code="a">Lincoln, Abraham,</subfield>
    <subfield code="d">1809-1865.</subfield>
  </datafield>
  <datafield ind1="1" ind2="0" tag="600">
    <subfield code="a">Lincoln, Abraham,</subfield>
    <subfield code="d">1809-1865</subfield>
    <subfield code="x">Assassination.</subfield>
  </datafield>
  <datafield ind1="1" ind2="0" tag="600">
    <subfield code="a">McCulloch, Hugh,</subfield>
    <subfield code="d">1808-1895</subfield>
    <subfield code="v">Correspondence.</subfield>
  </datafield>
  <datafield ind1="1" ind2="0" tag="600">
    <subfield code="a">Morrill, Lot M.</subfield>
    <subfield code="q">(Lot Myrick),</subfield>
    <subfield code="d">1812-1883</subfield>
    <subfield code="v">Correspondence.</subfield>
  </datafield>
  <datafield ind1="1" ind2="0" tag="600">
    <subfield code="a">Pierce, Franklin,</subfield>
    <subfield code="d">1804-1869.</subfield>
  </datafield>
  <datafield ind1="1" ind2="0" tag="600">
    <subfield code="a">Richardson, William A.</subfield>
    <subfield code="q">(William Adams),</subfield>
    <subfield code="d">1821-1896</subfield>
    <subfield code="v">Correspondence.</subfield>
  </datafield>
  <datafield ind1="1" ind2="0" tag="600">
    <subfield code="a">Sherman, John,</subfield>
    <subfield code="d">1823-1900</subfield>
    <subfield code="v">Correspondence.</subfield>
  </datafield>
  <datafield ind1="3" ind2="0" tag="600">
    <subfield code="a">French family.</subfield>
  </datafield>
  <datafield ind1="1" ind2="0" tag="610">
    <subfield code="a">United States.</subfield>
    <subfield code="b">Congress.</subfield>
  </datafield>
  <datafield ind1="2" ind2="0" tag="610">
    <subfield code="a">Harvard College (1780- )</subfield>
  </datafield>
  <datafield ind1="2" ind2="0" tag="610">
    <subfield code="a">Magnetic Telegraph Company.</subfield>
  </datafield>
  <datafield ind1="2" ind2="0" tag="610">
    <subfield code="a">Phillips Exeter Academy.</subfield>
  </datafield>
  <datafield ind1="2" ind2="0" tag="610">
    <subfield code="a">Rittenhouse Academy.</subfield>
  </datafield>
  <datafield ind1=" " ind2="0" tag="650">
    <subfield code="a">Freemasonry.</subfield>
  </datafield>
  <datafield ind1=" " ind2="0" tag="650">
    <subfield code="a">Private schools</subfield>
    <subfield code="z">New Hampshire</subfield>
    <subfield code="z">Exeter.</subfield>
  </datafield>
  <datafield ind1=" " ind2="0" tag="650">
    <subfield code="a">Private schools</subfield>
    <subfield code="z">Washington (D.C.)</subfield>
  </datafield>
  <datafield ind1=" " ind2="0" tag="650">
    <subfield code="a">Reconstruction (U.S. history, 1865-1877)</subfield>
  </datafield>
  <datafield ind1=" " ind2="0" tag="650">
    <subfield code="a">Universities and colleges</subfield>
    <subfield code="z">Massachusetts</subfield>
    <subfield code="z">Cambridge.</subfield>
  </datafield>
  <datafield ind1=" " ind2="0" tag="651">
    <subfield code="a">Confederate States of America</subfield>
    <subfield code="x">History.</subfield>
  </datafield>
  <datafield ind1=" " ind2="0" tag="651">
    <subfield code="a">Middle West</subfield>
    <subfield code="x">Description and travel.</subfield>
  </datafield>
  <datafield ind1=" " ind2="0" tag="651">
    <subfield code="a">New Hampshire</subfield>
    <subfield code="x">Politics and government.</subfield>
  </datafield>
  <datafield ind1=" " ind2="0" tag="651">
    <subfield code="a">New York (N.Y.)</subfield>
    <subfield code="x">Social life and customs.</subfield>
  </datafield>
  <datafield ind1=" " ind2="0" tag="651">
    <subfield code="a">Southern States</subfield>
    <subfield code="x">History</subfield>
    <subfield code="y">1865-1877.</subfield>
  </datafield>
  <datafield ind1=" " ind2="0" tag="651">
    <subfield code="a">United States</subfield>
    <subfield code="x">History</subfield>
    <subfield code="y">Civil War, 1861-1865.</subfield>
  </datafield>
  <datafield ind1=" " ind2="0" tag="651">
    <subfield code="a">United States</subfield>
    <subfield code="x">History</subfield>
    <subfield code="y">1865-1898.</subfield>
  </datafield>
  <datafield ind1=" " ind2="0" tag="651">
    <subfield code="a">United States</subfield>
    <subfield code="x">Politics and government</subfield>
    <subfield code="y">19th century.</subfield>
  </datafield>
  <datafield ind1=" " ind2="0" tag="651">
    <subfield code="a">Washington (D.C.)</subfield>
    <subfield code="x">Social life and customs.</subfield>
  </datafield>
  <datafield ind1=" " ind2="7" tag="656">
    <subfield code="a">Clerks, U.S. House of Representatives.</subfield>
    <subfield code="2">itoamc</subfield>
  </datafield>
  <datafield ind1=" " ind2="7" tag="656">
    <subfield code="a">Judges.</subfield>
    <subfield code="2">itoamc</subfield>
  </datafield>
  <datafield ind1=" " ind2="7" tag="656">
    <subfield code="a">Justices, State.</subfield>
    <subfield code="2">itoamc</subfield>
  </datafield>
  <datafield ind1=" " ind2="7" tag="656">
    <subfield code="a">Politicians.</subfield>
    <subfield code="2">itoamc</subfield>
  </datafield>
  <datafield ind1=" " ind2="7" tag="656">
    <subfield code="a">Public officials.</subfield>
    <subfield code="2">itoamc</subfield>
  </datafield>
  <datafield ind1="1" ind2=" " tag="700">
    <subfield code="a">French, Francis O.</subfield>
    <subfield code="q">(Francis Ormond),</subfield>
    <subfield code="d">1837-1893.</subfield>
    <subfield code="t">Francis O. French papers.</subfield>
  </datafield>
  <datafield ind1="1" ind2=" " tag="700">
    <subfield code="a">Richardson, William Merchant,</subfield>
    <subfield code="d">1774-1838.</subfield>
    <subfield code="t">William Merchant Richardson papers.</subfield>
  </datafield>
  <datafield ind1="1" ind2=" " tag="700">
    <subfield code="a">Tuck, Amos,</subfield>
    <subfield code="d">1810-1879.</subfield>
    <subfield code="t">Amos Tuck papers.</subfield>
  </datafield>
  <datafield ind1="1" ind2=" " tag="774">
    <subfield code="t">Visual materials from the Benjamin B. French family papers</subfield>
    <subfield code="w">(DLC)2010634809</subfield>
  </datafield>
  <datafield ind1=" " ind2=" " tag="852">
    <subfield code="a">Library of Congress</subfield>
    <subfield code="b">Manuscript Division</subfield>
    <subfield code="e">Washington, D.C. 20540 USA</subfield>
    <subfield code="n">dcu</subfield>
    <subfield code="u">http://hdl.loc.gov/loc.mss/mss.home</subfield>
  </datafield>
  <datafield ind1="4" ind2="2" tag="856">
    <subfield code="3">Finding aid</subfield>
    <subfield code="u">http://hdl.loc.gov/loc.mss/eadmss.ms003036</subfield>
  </datafield>
  <datafield ind1="4" ind2="2" tag="856">
    <subfield code="3">Finding aid (PDF)</subfield>
    <subfield code="u">http://hdl.loc.gov/loc.mss/eadmss.ms003036.3</subfield>
  </datafield>
  <datafield ind1=" " ind2=" " tag="985">
    <subfield code="e">MSS.</subfield>
  </datafield>
  <datafield ind1=" " ind2=" " tag="985">
    <subfield code="a">mss/ead</subfield>
  </datafield>
</record>
